00652 2200193 4500245005200000020002200052250001100074700001200085700002600097100001900123650001700142005001900159260003300178041001400211084000800225300002300233500019300256336000900449 aSo I Married the Anti-FancJeong, Kim EunhText a978-602-98325-4-9 aCet. 3 aNyi Blo aPutu Pramania Adnyana aJeong, Kim Eun aNovel Remaja a20240126100407 aJakartabPenerbit Haruc2012 aIndonesia a813 a540 hlm. :c20 cm. aTop star Korea yang terkenal dengan karisma lembutnya akan tampil bersama dengan anti-fannya, L, dalam acara real variety, yang menampilkan kisah mereka beraktivitas bersama selama 24 jam. atext